| LEADER | 00972nam a2200181 4500 | ||
|---|---|---|---|
| 082 | |a 515.076 |b NG527T | ||
| 100 | |a Nguyễn Tiến Quang | ||
| 245 | |a Tuyển chọn các bài toán giải tích lớp 12 / |c Nguyễn Tiến Quang.. | ||
| 260 | |a H.: |b GD, |c 2008 | ||
| 300 | |a 252 tr.; |b 24 cm | ||
| 520 | |a v...v.. | ||
| 653 | |a Toán học | ||
| 942 | |2 ddc |c STK0 | ||
| 999 | |c 6971 |d 6971 | ||
| 952 | |0 0 |1 0 |2 ddc |4 0 |6 515_076000000000000_NG527T |7 0 |8 500 |9 64759 |a qbu |b qbu |c D3 |d 2015-01-26 |o 515.076 NG527T |p 6861.c1 |r 0000-00-00 |w 2015-01-26 |y STK0 | ||
| 952 | |0 0 |1 0 |2 ddc |4 0 |6 515_076000000000000_NG527T |7 0 |8 500 |9 64760 |a qbu |b qbu |c D3 |d 2015-01-26 |o 515.076 NG527T |p 6861.c2 |r 0000-00-00 |w 2015-01-26 |y STK0 | ||
| 952 | |0 0 |1 0 |2 ddc |4 0 |6 515_076000000000000_NG527T |7 0 |8 500 |9 64761 |a qbu |b qbu |c D3 |d 2015-01-26 |o 515.076 NG527T |p 6861.c3 |r 0000-00-00 |w 2015-01-26 |y STK0 | ||
| 952 | |0 0 |1 0 |2 ddc |4 0 |6 515_076000000000000_NG527T |7 0 |8 500 |9 64762 |a qbu |b qbu |c D3 |d 2015-01-26 |o 515.076 NG527T |p 6861.c4 |r 0000-00-00 |w 2015-01-26 |y STK0 | ||